| 000 | 00575nam a22001937a 4500 | ||
|---|---|---|---|
| 999 |
_c1183 _d1183 |
||
| 003 | AR-CdUCM | ||
| 008 | 190226b ||||| |||| 00| 0 spa d | ||
| 040 |
_aMUNICIPALIDAD PROVINCIAL DEL CUSCO _cBIBLIOTECA MUNICIPAL DEL CUSCO |
||
| 082 |
_a869.5603 / _bV19 |
||
| 100 |
_aValenzuea Zea, Waldo _94637 |
||
| 245 | _aPampacóndor / | ||
| 260 |
_aCusco : _bMercantil, _c1994. |
||
| 300 |
_a159 páginas ; _c20.5 cm. |
||
| 650 |
_aCostumbrista _94638 |
||
| 650 |
_aApurimac _91025 |
||
| 650 |
_aMarcos Valenzuela Carbajal _94639 |
||
| 942 |
_2ddc _cLIBROS |
||
| 945 |
_aafb _d2019-02-26 |
||